|
|
|
|
| LEADER |
00871nam a22002417a 4500 |
| 001 |
31316 |
| 003 |
BD-DhAAL |
| 005 |
20160929130805.0 |
| 008 |
160929s2015 bg ||||| |||| 00| 0 mul d |
| 020 |
|
|
|a 97898433555418
|
| 040 |
|
|
|a BD-DhAAL
|c BD-DhAAL
|
| 082 |
|
|
|2 23
|a 340.1
|
| 100 |
|
|
|a Halim, Md. Abdul
|9 20474
|
| 245 |
|
|
|a Statutory interpretation and general clauses act :
|c Md. Abdul Halim,
|
| 260 |
|
|
|a Dhaka :
|b CCB Foundation,
|c 2015
|
| 300 |
|
|
|a 320 pages ;
|c 22 cm.
|
| 526 |
|
|
|a Library
|
| 541 |
|
|
|e 31316
|
| 650 |
|
|
|a Law
|x Interpretation and construction.
|9 20475
|
| 852 |
|
|
|a Ayesha Abed Library
|c General Stacks
|
| 942 |
|
|
|2 ddc
|c BK
|
| 999 |
|
|
|c 37790
|d 37790
|
| 952 |
|
|
|0 0
|1 0
|2 ddc
|4 0
|6 340_100000000000000_HAL
|7 0
|9 59642
|a BRACUL
|b BRACUL
|c GEN
|d 2016-09-29
|e Complementary copy from Author
|g 250.00
|l 2
|m 37
|o 340.1 HAL
|p 3010031316
|r 2026-01-26
|s 2025-12-07
|t 1
|w 2016-09-29
|y BK
|